Public sector appointments, political influence and performance: perceptions of the situation in Pakistan (Record no. 116227)

000 -LEADER
fixed length control field 01450pab a2200193 454500
008 - FIXED-LENGTH DATA ELEMENTS--GENERAL INFORMATION
fixed length control field 180718b2017 xxu||||| |||| 00| 0 eng d
100 ## - MAIN ENTRY--PERSONAL NAME
Personal name Ashraf, Junaid
245 ## - TITLE STATEMENT
Title Public sector appointments, political influence and performance: perceptions of the situation in Pakistan
260 ## - PUBLICATION, DISTRIBUTION, ETC.
Date of publication, distribution, etc. 2017
300 ## - PHYSICAL DESCRIPTION
Extent p.211-216.
362 ## - DATES OF PUBLICATION AND/OR SEQUENTIAL DESIGNATION
Dates of publication and/or sequential designation Sep
520 ## - SUMMARY, ETC.
Summary, etc. Appointment processes are integral to the performance of an organisation and its staff, with competent people needing to be appointed and to have their performance valued and assessed appropriately. Concerning these matters, it is alleged that staff in the Pakistan public sector are often appointed on the basis of their personal political relations more than on their competence, with important implications for their performance and that of the organisations in which they are employed. Accordingly, this note explores the allegation drawing on responses to an administered questionnaire and some interviews. The findings, in the form of perceptions, are significant but equivocal concerning public sector appointments in Pakistan being subject to considerable political influence in ways that impact negatively on organisational performance. - Reproduced.
650 ## - SUBJECT ADDED ENTRY--TOPICAL TERM
Topical term or geographic name entry element Recruitment - Pakistan
650 ## - SUBJECT ADDED ENTRY--TOPICAL TERM
Topical term or geographic name entry element Performance appraisal - Pakistan
650 ## - SUBJECT ADDED ENTRY--TOPICAL TERM
Topical term or geographic name entry element Public sector - Pakistan
650 ## - SUBJECT ADDED ENTRY--TOPICAL TERM
Topical term or geographic name entry element Public sector
773 ## - HOST ITEM ENTRY
Main entry heading Asia Pacific Journal of Public Administration
909 ## -
-- 116233
Holdings
Withdrawn status Lost status Damaged status Not for loan Permanent Location Current Location Date acquired Serial Enumeration / chronology Barcode Date last seen Price effective from Koha item type
        Indian Institute of Public Administration Indian Institute of Public Administration 2018-07-19 Volume no: 39, Issue no: 3 AR116693 2018-07-19 2018-07-19 Articles

Powered by Koha